[Event "IV Memorial Aldo Perini A"]
[Site "Senigallia ITA"]
[Date "2010.08.07"]
[Round "6"]
[White "Xia, Jie"]
[Black "Capuano, Francesca"]
[Result "1-0"]
[WhiteElo "2201"]
[BlackElo "1906"]
[PlyCount "115"]
[EventDate "2010.08.02"]

1. Nf3 Nf6 2. g3 d5 3. Bg2 c6 4. O-O Nbd7 5. d3 e5 6. e4 dxe4 7. dxe4 Qc7 8.
Qe2 g6 9. Nbd2 Bg7 10. a4 O-O 11. a5 Re8 12. Rd1 Bf8 13. c3 b5 14. axb6 Nxb6
15. Nc4 Nxc4 16. Qxc4 a5 17. Bg5 Be6 18. Qe2 Nd7 19. Nd2 Reb8 20. Rdb1 h6 21.
Be3 Kh7 22. h4 h5 23. Nf3 f6 24. Nd2 Bc5 25. Bf1 Kg7 26. Qe1 Qa7 27. Bxc5 Qxc5
28. Bd3 a4 29. Qc1 Nb6 30. Ra3 Rd8 31. Be2 Qd6 32. Nf1 Bh3 33. Qe3 Rab8 34. Rd1
Qe7 35. Raa1 Be6 36. Rxd8 Qxd8 37. Qc5 Qc7 38. Ne3 Bb3 39. Bd1 Kf7 40. Bxb3+
axb3 41. Nd5 Nxd5 42. exd5 Rb5 43. Ra7 Rxc5 44. Rxc7+ Ke8 45. dxc6 Kd8 46. Rb7
Rxc6 47. Rxb3 Kc7 48. Kf1 Rc4 49. Ke2 Kc6 50. Rb8 Kd5 51. Rb6 g5 52. hxg5 fxg5
53. Rg6 Rg4 54. b3 Kc5 55. Ke3 Kd5 56. Rh6 h4 57. Kf3 hxg3 58. fxg3 1-0

[Event "IV Memorial Aldo Perini A"]
[Site "Senigallia ITA"]
[Date "2010.08.08"]
[Round "7"]
[White "Altini, Nicola"]
[Black "Giretti Kanev, Jasen"]
[Result "1/2-1/2"]
[WhiteElo "2120"]
[BlackElo "2208"]
[PlyCount "133"]
[EventDate "2010.08.02"]

1. Nf3 Nf6 2. c4 b6 3. g3 Bb7 4. Bg2 c5 5. O-O d6 6. e3 e6 7. d4 Nbd7 8. Nc3
Ne4 9. d5 Nxc3 10. bxc3 Qf6 11. Qd3 e5 12. e4 h6 13. Ne1 g6 14. Nc2 Bg7 15. Ne3
h5 16. Bd2 h4 17. h3 Qe7 18. a4 Nf6 19. g4 O-O 20. Nc2 Nh7 21. a5 Bf6 22. axb6
axb6 23. Rab1 Ra6 24. Rb2 Rb8 25. f4 exf4 26. Bxf4 Be5 27. Qf3 Bxf4 28. Qxf4
Bc8 29. Re1 f6 30. Qh6 g5 31. Ne3 Qg7 32. Qh5 Bd7 33. Nf5 Be8 34. Qh6 Qxh6 35.
Nxh6+ Kf8 36. Nf5 b5 37. Reb1 b4 38. cxb4 Rab6 39. b5 Bg6 40. Ra2 Bxf5 41. exf5
Kf7 42. Ra7+ R8b7 43. Rba1 Nf8 44. R1a6 Ke7 45. Ra8 Nd7 46. Ra4 Rb8 47. Rxb8
Rxb8 48. Ra7 Kd8 49. Bf1 Kc8 50. Ra6 Kc7 51. Rc6+ Kd8 52. Rxd6 Rb6 53. Re6 Kc7
54. Bg2 Ne5 55. Bf1 Nd7 56. Re7 Kd6 57. Re8 Kc7 58. Kf2 Rb8 59. Re7 Ra8 60. Re6
Ra2+ 61. Kg1 Ne5 62. d6+ Kd7 63. Bg2 Ra1+ 64. Kh2 Ra2 65. Kg1 Ra1+ 66. Kh2 Ra2
67. Kg1 1/2-1/2

[Event "IV Memorial Aldo Perini A"]
[Site "Senigallia ITA"]
[Date "2010.08.08"]
[Round "7"]
[White "Belezky, Alexander"]
[Black "Stromboli, Ettore"]
[Result "1/2-1/2"]
[WhiteElo "2440"]
[BlackElo "2259"]
[PlyCount "119"]
[EventDate "2010.08.02"]

1. d4 Nf6 2. c4 e6 3. g3 Be7 4. Bg2 O-O 5. e4 d6 6. Ne2 Nbd7 7. Nbc3 Rb8 8. O-O
a6 9. b4 b5 10. c5 e5 11. c6 Nb6 12. d5 Ne8 13. a4 bxa4 14. Nxa4 f5 15. exf5
Bxf5 16. Qb3 Bg5 17. f4 Bf6 18. Ra2 Qc8 19. Be3 Nxa4 20. Rxa4 Rb5 21. fxe5 Bxe5
22. Bd4 Bg4 23. Bxe5 Bxe2 24. Rxf8+ Kxf8 25. Bd4 Qf5 26. Ra1 Nf6 27. Qb2 Bc4
28. Bf1 Bxd5 29. Bxf6 gxf6 30. Bxb5 Qf3 31. Qd2 Qh1+ 32. Kf2 Qxa1 33. Qxd5 axb5
34. Qxb5 Qb2+ 35. Kf3 Kg7 36. Qc4 h5 37. b5 Qb1 38. Qe2 Qf5+ 39. Kg2 Qd5+ 40.
Kh3 Kf8 41. g4 hxg4+ 42. Qxg4 Qd3+ 43. Kh4 Qh7+ 44. Kg3 Qd3+ 45. Kf4 Qc4+ 46.
Kg3 Qd3+ 47. Kh4 Qh7+ 48. Qh5 Qe4+ 49. Kg3 Qe3+ 50. Kg2 Qd2+ 51. Kf1 Qc1+ 52.
Ke2 Qc2+ 53. Ke3 Qc3+ 54. Kf4 Qc4+ 55. Kg3 Qd3+ 56. Kh4 Qe4+ 57. Qg4 Qh7+ 58.
Kg3 Qd3+ 59. Kf4 Qc4+ 60. Kg3 1/2-1/2

[Event "IV Memorial Aldo Perini A"]
[Site "Senigallia ITA"]
[Date "2010.08.08"]
[Round "7"]
[White "Borgiani, Flavio"]
[Black "Salvioli, Alessandro"]
[Result "0-1"]
[WhiteElo "2194"]
[BlackElo "1969"]
[PlyCount "94"]
[EventDate "2010.08.02"]

1. d4 Nf6 2. Nf3 g6 3. c4 Bg7 4. Nc3 O-O 5. g3 d6 6. Bg2 Nbd7 7. O-O c5 8. b3
Rb8 9. h3 a6 10. e4 b5 11. e5 Ne8 12. Bf4 Bb7 13. Nd5 cxd4 14. exd6 Nxd6 15.
Bxd6 exd6 16. Nxd4 Nb6 17. Rc1 Rc8 18. Ne3 Bxg2 19. Kxg2 bxc4 20. bxc4 d5 21.
c5 Nc4 22. Nb3 Nxe3+ 23. fxe3 Qe7 24. Qxd5 Qxe3 25. Rf3 Qe2+ 26. Rf2 Qb5 27.
Qc4 Qc6+ 28. Kh2 Rcd8 29. Rcf1 Kh8 30. Rxf7 Rxf7 31. Rxf7 a5 32. Qh4 Re8 33.
Qc4 a4 34. Na5 Qc8 35. Nb7 Qc6 36. Na5 Qc8 37. Rf2 Qc7 38. Qxa4 Ra8 39. Qc6
Qxa5 40. Re2 Rf8 41. a4 Qd8 42. Qg2 Qg5 43. c6 Be5 44. Rc2 Bc7 45. Rc4 h5 46.
h4 Qe3 47. Rc2 Rf3 0-1

[Event "IV Memorial Aldo Perini A"]
[Site "Senigallia ITA"]
[Date "2010.08.08"]
[Round "7"]
[White "Calavalle, Giulio"]
[Black "Rizzardi, Franco"]
[Result "1-0"]
[WhiteElo "2201"]
[BlackElo "2002"]
[PlyCount "69"]
[EventDate "2010.08.02"]

1. e4 e6 2. Nf3 d5 3. e5 c5 4. b4 b6 5. c3 Ne7 6. a3 Nbc6 7. d4 Nf5 8. g4 Nh4
9. Nbd2 h6 10. Rb1 Nxf3+ 11. Nxf3 c4 12. h4 Bd7 13. Be2 Qc7 14. Bf4 Ne7 15. Qc2
a6 16. Bd1 O-O-O 17. Bg3 Kb7 18. Qe2 Be8 19. Bc2 Nc8 20. Nd2 Be7 21. f4 Bd7 22.
Qf3 Rdg8 23. Ke2 Ka7 24. Rbf1 Be8 25. Qe3 Bc6 26. f5 Bd7 27. g5 hxg5 28. hxg5
Qd8 29. f6 gxf6 30. exf6 Bd6 31. Be5 Rxh1 32. Rxh1 Rh8 33. Rh6 Qg8 34. g6 fxg6
35. f7 1-0

[Event "IV Memorial Aldo Perini A"]
[Site "Senigallia ITA"]
[Date "2010.08.08"]
[Round "7"]
[White "Capito', Mario"]
[Black "Xia, Jie"]
[Result "0-1"]
[WhiteElo "1823"]
[BlackElo "2201"]
[PlyCount "86"]
[EventDate "2010.08.02"]

1. d4 Nf6 2. g3 g6 3. Bg2 c5 4. c3 cxd4 5. cxd4 Bg7 6. Nc3 O-O 7. e4 d6 8. Nge2
Nc6 9. O-O Qb6 10. Rb1 Bg4 11. f3 Bd7 12. Be3 e5 13. Kh1 Rfe8 14. Qd2 exd4 15.
Nxd4 Nxd4 16. Bxd4 Nxe4 17. fxe4 Qxd4 18. Qxd4 Bxd4 19. Nd5 Rac8 20. Rfd1 Be5
21. Rd2 Kg7 22. Bf3 Rc4 23. Rbd1 Be6 24. b3 Rc5 25. Ne3 Rec8 26. Bg4 Bxg4 27.
Nxg4 h5 28. Nxe5 dxe5 29. Rd7 R8c7 30. Kg2 b6 31. Kf3 Rxd7 32. Rxd7 Rc3+ 33.
Ke2 Rc2+ 34. Rd2 Rxd2+ 35. Kxd2 Kf6 36. h4 Ke6 37. Kd3 Kd6 38. b4 b5 39. Ke3 f5
40. Kf3 fxe4+ 41. Ke2 Ke6 42. Kf2 Kf5 43. Ke3 Kg4 0-1

[Event "IV Memorial Aldo Perini A"]
[Site "Senigallia ITA"]
[Date "2010.08.08"]
[Round "7"]
[White "Capuano, Francesca"]
[Black "Pegoraro, Nicola"]
[Result "0-1"]
[WhiteElo "1906"]
[BlackElo "2036"]
[PlyCount "126"]
[EventDate "2010.08.02"]

1. d4 f5 2. g3 g6 3. Bg2 Nf6 4. Nf3 Bg7 5. O-O O-O 6. b3 c5 7. e3 Qc7 8. c4 e6
9. Ba3 d6 10. Nc3 Bd7 11. Rc1 Na6 12. Bb2 Rad8 13. a3 b6 14. Qc2 Bc6 15. Rfd1
Qb7 16. Ne1 Bxg2 17. Nxg2 Nc7 18. b4 e5 19. dxe5 dxe5 20. Rxd8 Rxd8 21. Rd1
Rxd1+ 22. Qxd1 cxb4 23. axb4 Qc6 24. Qb3 Qe6 25. Qa2 a6 26. c5 bxc5 27. bxc5
Qxa2 28. Nxa2 Nd7 29. Ba3 Bf8 30. c6 Nb8 31. Bxf8 Kxf8 32. Nb4 a5 33. Nd3 Nxc6
34. Nc5 Ke7 35. Kf1 Kd6 36. Na4 Kd5 37. Ke2 Kc4 38. Kd2 Kb4 39. Nb6 a4 40. Kc2
Kb5 41. Nd7 Nd5 42. Nf8 Nf6 43. Ne1 e4 44. f3 Nb4+ 45. Kb1 Nd3 46. Nc2 exf3 47.
Nd4+ Kc4 48. Nxf3 Nb4 49. Kb2 Nd3+ 50. Ka3 Nc5 51. h3 Kd3 52. g4 Kxe3 53. gxf5
gxf5 54. Ng5 f4 55. Kb4 f3 56. Nxf3 Kxf3 57. Kxc5 a3 58. Ne6 a2 59. Nd4+ Kg3
60. Nb3 Kxh3 61. Kc4 Kg2 62. Kc3 h5 63. Kb2 h4 0-1

[Event "IV Memorial Aldo Perini A"]
[Site "Senigallia ITA"]
[Date "2010.08.08"]
[Round "7"]
[White "Damia, Angelo"]
[Black "Valsecchi, Alessio"]
[Result "1-0"]
[WhiteElo "2281"]
[BlackElo "2360"]
[PlyCount "89"]
[EventDate "2010.08.02"]

1. c4 g6 2. Nc3 Bg7 3. g3 Nf6 4. Bg2 O-O 5. Nf3 d6 6. d4 Nbd7 7. O-O c5 8. e4
cxd4 9. Nxd4 a6 10. Re1 Rb8 11. h3 Ne5 12. b3 Bd7 13. Bb2 Qc8 14. Kh2 Qc5 15.
Nd5 Nxd5 16. exd5 g5 17. Qd2 h6 18. Rad1 b5 19. f4 gxf4 20. gxf4 Ng6 21. Be4
bxc4 22. Bxg6 fxg6 23. Rxe7 Rf7 24. Rxd7 Rxd7 25. Ne6 Qb5 26. Bxg7 Rxg7 27.
Nxg7 Kxg7 28. Qd4+ Kh7 29. Qxc4 Qxc4 30. bxc4 Rb2+ 31. Kg3 Rc2 32. Rd4 Rxa2 33.
c5 dxc5 34. d6 cxd4 35. d7 d3 36. d8=Q d2 37. h4 Ra5 38. Qxd2 Rf5 39. Qd7+ Kg8
40. Qe6+ Kg7 41. Qxa6 Rf7 42. Qa1+ Kh7 43. h5 gxh5 44. Qb1+ Kg7 45. f5 1-0

[Event "IV Memorial Aldo Perini A"]
[Site "Senigallia ITA"]
[Date "2010.08.08"]
[Round "7"]
[White "De Nisi, Roberta"]
[Black "Danese, Aldo"]
[Result "1/2-1/2"]
[WhiteElo "1900"]
[BlackElo "1973"]
[PlyCount "120"]
[EventDate "2010.08.02"]

1. d4 g6 2. c4 c6 3. Nc3 d6 4. e4 Bg7 5. Be3 Nf6 6. f3 Nbd7 7. Bd3 c5 8. Nge2
a6 9. Rb1 b6 10. b4 Qc7 11. bxc5 bxc5 12. Qa4 O-O 13. Nd5 Nxd5 14. cxd5 Nb6 15.
Qc6 Qxc6 16. dxc6 c4 17. Bc2 Rb8 18. d5 Nd7 19. cxd7 Rxb1+ 20. Bxb1 Bxd7 21.
Kd2 Rb8 22. Bc2 h5 23. Rb1 Rc8 24. Nc3 Kf8 25. Rb6 a5 26. Rb7 Ke8 27. Ba4 Bxc3+
28. Kxc3 Bxa4 29. Ra7 f6 30. Rxa5 Bd7 31. Ra6 Rb8 32. Rb6 Ra8 33. Kxc4 Rxa2 34.
Rb8+ Kf7 35. Rb7 Be8 36. g4 hxg4 37. fxg4 Ra4+ 38. Kd3 Ra3+ 39. Ke2 Ra2+ 40.
Kf3 Rxh2 41. Bf4 Rh7 42. Bxd6 Kf8 43. Bg3 Bf7 44. d6 exd6 45. Bxd6+ Kg7 46. g5
fxg5 47. e5 Kh6 48. Bf8+ Kh5 49. e6 g4+ 50. Kg3 Kg5 51. Rb5+ Kf6 52. exf7 Rxf7
53. Bb4 Rc7 54. Kxg4 Rc4+ 55. Kf3 g5 56. Bd2 g4+ 57. Kg3 Rc2 58. Bf4 Kg6 59.
Kxg4 Rc6 60. Rg5+ Kf7 1/2-1/2

[Event "IV Memorial Aldo Perini A"]
[Site "Senigallia ITA"]
[Date "2010.08.08"]
[Round "7"]
[White "Frontini, Fabio"]
[Black "Turazza, Andrea"]
[Result "1-0"]
[WhiteElo "1965"]
[BlackElo "1857"]
[PlyCount "65"]
[EventDate "2010.08.02"]

1. e4 c5 2. c3 d5 3. exd5 Qxd5 4. d4 Nc6 5. Nf3 Bg4 6. Be2 cxd4 7. cxd4 e6 8.
O-O Nf6 9. Nc3 Qa5 10. a3 Be7 11. Be3 Nd5 12. Rc1 O-O 13. Ne4 Nxe3 14. fxe3 Qd5
15. Nf2 Bh5 16. Nd3 Rac8 17. Nf4 Qf5 18. Bd3 Bxf3 19. Rxf3 Qf6 20. Nh5 Qh6 21.
Rh3 Bg5 22. Bxh7+ Kxh7 23. Nf4 Qxh3 24. gxh3 Kg8 25. Ng2 Rfd8 26. Qg4 Bh6 27.
Nf4 Ne7 28. Re1 Nf5 29. d5 Bxf4 30. Qxf4 Rxd5 31. e4 Rd4 32. Qf2 Rcc4 33. b3
1-0

[Event "IV Memorial Aldo Perini A"]
[Site "Senigallia ITA"]
[Date "2010.08.08"]
[Round "7"]
[White "Giampaoletti, Andrea"]
[Black "Rotoni, Matteo"]
[Result "1/2-1/2"]
[WhiteElo "1966"]
[BlackElo "2148"]
[PlyCount "115"]
[EventDate "2010.08.02"]

1. e4 e6 2. d4 d5 3. e5 c5 4. c3 Nc6 5. Nf3 Qb6 6. a3 c4 7. Nbd2 Na5 8. Rb1 Bd7
9. b4 cxb3 10. c4 Ba4 11. cxd5 exd5 12. Bd3 Ne7 13. O-O Nec6 14. Bb2 Be7 15.
Qe2 Nd8 16. Bc3 Nac6 17. Nxb3 Bxb3 18. Nd2 Nxd4 19. Bxd4 Qxd4 20. Nxb3 Qf4 21.
Na5 O-O 22. Nxb7 Bxa3 23. Nxd8 Raxd8 24. e6 fxe6 25. Qxe6+ Qf7 26. Bxh7+ Kxh7
27. Qh3+ Kg8 28. Qxa3 d4 29. Rb3 Rd5 30. Rf3 Rf5 31. Rxf5 Qxf5 32. Qxa7 Qf4 33.
Qa2+ Kh8 34. Rd1 Re8 35. h3 Qe4 36. Qd2 Rd8 37. Qd3 Qe5 38. f3 Qd6 39. Rd2 Qc5
40. Kf2 Qg5 41. g3 Qf6 42. Qe4 Qd6 43. Qf4 Qb6 44. Rd3 Kg8 45. h4 Qb1 46. Qd2
Rc8 47. Qe2 Qb6 48. g4 Qd6 49. Kg2 Rb8 50. Qd2 Rb4 51. f4 Qb6 52. Qa2+ Kh7 53.
Qd5 Rb2+ 54. Kg3 Qb4 55. Qe4+ Kg8 56. Rxd4 Rb3+ 57. Kf2 Rb2+ 58. Kf3 1/2-1/2

[Event "IV Memorial Aldo Perini A"]
[Site "Senigallia ITA"]
[Date "2010.08.08"]
[Round "7"]
[White "Giuliani, Sante"]
[Black "Buratti, Ettore"]
[Result "1-0"]
[WhiteElo "2018"]
[BlackElo "1839"]
[PlyCount "59"]
[EventDate "2010.08.02"]

1. Nf3 d5 2. g3 Nf6 3. Bg2 g6 4. d3 Bg7 5. O-O O-O 6. Nbd2 c6 7. Re1 Na6 8. e4
dxe4 9. dxe4 Bg4 10. h3 Bd7 11. Nb3 Qc8 12. Kh2 Rd8 13. Qe2 h6 14. c3 g5 15.
Ne5 g4 16. Nxd7 Qxd7 17. e5 Nh7 18. hxg4 Nf8 19. f4 e6 20. Be3 Ng6 21. Rad1 Qe7
22. Rxd8+ Rxd8 23. Bxa7 Qd7 24. Bb6 Qd3 25. Bxd8 Qxd8 26. Rd1 Qb6 27. Qd2 Kh7
28. Qd4 Qc7 29. Be4 Qe7 30. Qd8 1-0

[Event "IV Memorial Aldo Perini A"]
[Site "Senigallia ITA"]
[Date "2010.08.08"]
[Round "7"]
[White "Guccione, Daniele"]
[Black "Gambardella, Piero"]
[Result "1/2-1/2"]
[WhiteElo "1924"]
[BlackElo "1998"]
[PlyCount "70"]
[EventDate "2010.08.02"]

1. e4 e6 2. d3 d5 3. Nd2 c5 4. Ngf3 Nc6 5. g3 Bd6 6. Bg2 Nge7 7. O-O O-O 8. Re1
Qc7 9. Qe2 f6 10. h4 Bd7 11. Nf1 Nd4 12. Nxd4 cxd4 13. c3 dxe4 14. Bxe4 e5 15.
cxd4 exd4 16. Nd2 Rfe8 17. Nc4 Bxg3 18. fxg3 Qxg3+ 19. Kh1 Bg4 20. Rg1 Qxg1+
21. Kxg1 Bxe2 22. Nd6 f5 23. Bxb7 Bxd3 24. Bg5 Rab8 25. Re1 Rxb7 26. Nxb7 Be4
27. Nd6 h6 28. Bxe7 Rxe7 29. Nxf5 Re6 30. Nxd4 Rg6+ 31. Kf2 Rf6+ 32. Ke3 Bd5
33. a3 Kh7 34. Rc1 Rf7 35. Rc5 Re7+ 1/2-1/2

[Event "IV Memorial Aldo Perini A"]
[Site "Senigallia ITA"]
[Date "2010.08.08"]
[Round "7"]
[White "Guidi, Giacomo G."]
[Black "Vincenzi, Marco"]
[Result "1-0"]
[WhiteElo "1936"]
[BlackElo "2103"]
[PlyCount "189"]
[EventDate "2010.08.02"]

1. Nf3 Nf6 2. g3 g6 3. Bg2 Bg7 4. O-O O-O 5. d3 d6 6. h3 c5 7. c4 Nc6 8. Nc3
Rb8 9. Rb1 a6 10. b3 b5 11. Bb2 Bd7 12. e3 Qa5 13. Nd5 Nxd5 14. cxd5 Nb4 15.
Bxg7 Kxg7 16. Qd2 Qxa2 17. Rb2 Qa5 18. e4 Qb6 19. d4 a5 20. dxc5 Qxc5 21. Rbb1
Rfc8 22. Rbc1 Qb6 23. Nd4 f6 24. Kh2 Rxc1 25. Rxc1 Rc8 26. Rxc8 Bxc8 27. Bf1
Bd7 28. Qe3 Qc5 29. Bxb5 e5 30. Ne6+ Bxe6 31. Qxc5 dxc5 32. dxe6 Kf8 33. f4 Ke7
34. f5 Na2 35. g4 Nc3 36. Bd3 a4 37. bxa4 Nxa4 38. Kg3 Nb2 39. Bc2 Nc4 40. Kf3
Na3 41. Ba4 Nb1 42. Bc2 Nc3 43. Bd3 Na2 44. Bc2 Nb4 45. Ba4 Nd3 46. Bb5 Ne1+
47. Ke2 Nc2 48. Kd3 Nd4 49. Ba4 g5 50. Bd1 Kd6 51. Kc4 Nc6 52. Kb5 Nd4+ 53. Ka5
Ke7 54. Ka4 Kd6 55. Ka3 Kc7 56. Kb2 Kd6 57. Kc3 Nc6 58. Kc4 Nb4 59. Bb3 Nc6 60.
Ba4 Nd4 61. Bd1 h6 62. Kc3 Nb5+ 63. Kc4 Na3+ 64. Kc3 Nb1+ 65. Kc2 Na3+ 66. Kc3
Nb5+ 67. Kc4 Na7 68. Ba4 Nc8 69. Bb5 Nb6+ 70. Kc3 Ke7 71. Bc6 Kd6 72. Bb5 Nc8
73. Bd7 Nb6 74. Bb5 Ke7 75. Bc6 Nc8 76. Kc4 Kd6 77. Bd7 Nb6+ 78. Kb5 Na8 79.
Ka6 c4 80. Ba4 Nc7+ 81. Kb6 c3 82. Bc2 Ne8 83. Kb5 Ng7 84. Kc4 Ne8 85. Kxc3 Nc7
86. Kc4 Ke7 87. Kc5 Na6+ 88. Kb6 Nb4 89. Bb1 Kd6 90. e7 Kxe7 91. Kb5 Na2 92.
Bxa2 Kf8 93. Kc6 Kg7 94. Kd6 h5 95. Ke6 1-0

[Event "IV Memorial Aldo Perini A"]
[Site "Senigallia ITA"]
[Date "2010.08.08"]
[Round "7"]
[White "Mrdja, Milan"]
[Black "Stromboli, Carlo"]
[Result "0-1"]
[WhiteElo "2372"]
[BlackElo "2285"]
[PlyCount "96"]
[EventDate "2010.08.02"]

1. b3 e5 2. Bb2 Nc6 3. e3 d5 4. Bb5 Qd6 5. Nf3 e4 6. Ne5 Nge7 7. O-O a6 8. Nxc6
Nxc6 9. Bxc6+ Qxc6 10. Nc3 Bf5 11. f3 Bg6 12. Ne2 exf3 13. Nd4 Qd7 14. Qxf3
O-O-O 15. Rac1 f6 16. a3 Bd6 17. b4 Rhe8 18. Qe2 Be5 19. Kh1 h5 20. d3 Qg4 21.
Qf2 h4 22. Rb1 Qd7 23. Nf3 h3 24. Bxe5 fxe5 25. Qg3 hxg2+ 26. Kxg2 Qd6 27. Nh4
Re6 28. Rf2 Kb8 29. Rbf1 e4 30. d4 Bh5 31. Qxd6 Rexd6 32. Rf8 Bf3+ 33. R8xf3
exf3+ 34. Rxf3 Rc6 35. Nf5 Rxc2+ 36. Kg3 Rf8 37. h4 Rf7 38. h5 Rc6 39. Rf4 g6
40. hxg6 Rxg6+ 41. Kf3 Rg1 42. Nh6 Rh7 43. Ng4 Rh3+ 44. Kf2 Ra1 45. Kg2 Rh7 46.
Rf8+ Ka7 47. Nf6 Rhh1 48. Kg3 Rhf1 0-1

[Event "IV Memorial Aldo Perini A"]
[Site "Senigallia ITA"]
[Date "2010.08.08"]
[Round "7"]
[White "Navarro, Emanuele"]
[Black "Calza, Gabriele"]
[Result "1-0"]
[WhiteElo "2172"]
[BlackElo "1992"]
[PlyCount "106"]
[EventDate "2010.08.02"]

1. e4 c5 2. Nf3 e6 3. d4 cxd4 4. Nxd4 Nc6 5. c4 Qc7 6. Nb5 Qb8 7. Be3 a6 8.
N5c3 Nf6 9. g3 Be7 10. Qe2 O-O 11. Bg2 d6 12. Nd2 Qc7 13. h3 b6 14. O-O Bb7 15.
Rac1 Rac8 16. Na4 Nd7 17. f4 Nc5 18. Nc3 Bf6 19. Nb3 Rfd8 20. Rfd1 Ba8 21. Nd4
Nxd4 22. Bxd4 Bxd4+ 23. Rxd4 Nd7 24. Rcd1 Nf6 25. Qd3 h6 26. Kh2 Rd7 27. e5
dxe5 28. Rxd7 Nxd7 29. Qxd7 Qxd7 30. Rxd7 Bxg2 31. Kxg2 exf4 32. gxf4 Rxc4 33.
Kf3 b5 34. Ke3 b4 35. Ne2 Rc2 36. Rd2 Rc5 37. Rd4 a5 38. Kd2 Rh5 39. Rd3 a4 40.
Rd4 Rb5 41. b3 axb3 42. axb3 Kf8 43. Nc1 Ke7 44. Nd3 Rh5 45. Ne5 Rxh3 46. Rxb4
g5 47. Rb7+ Ke8 48. fxg5 hxg5 49. Nxf7 g4 50. Ng5 Rh6 51. Ne4 Rg6 52. Ke2 g3
53. Kf1 Rg5 1-0

[Event "IV Memorial Aldo Perini A"]
[Site "Senigallia ITA"]
[Date "2010.08.08"]
[Round "7"]
[White "Occari, Maurizio"]
[Black "Marozzi, Giovanni"]
[Result "1-0"]
[WhiteElo "2065"]
[BlackElo "1928"]
[PlyCount "111"]
[EventDate "2010.08.02"]

1. e4 c6 2. d4 d5 3. exd5 cxd5 4. c4 dxc4 5. Bxc4 e6 6. Nf3 Nf6 7. O-O Be7 8.
Nc3 O-O 9. Bf4 Bd7 10. Qd3 Bc6 11. Ne5 Bd5 12. Nxd5 Nxd5 13. Bd2 Nd7 14. f4
N7b6 15. Bb3 g6 16. f5 exf5 17. Bh6 Bf6 18. Rxf5 Bg7 19. Bxg7 Kxg7 20. Rf3 f5
21. Raf1 f4 22. Qe4 Qd6 23. Nc4 Nxc4 24. Bxc4 Rad8 25. Bxd5 Qxd5 26. Rxf4 Qxe4
27. Rxe4 Rxf1+ 28. Kxf1 Kf6 29. Ke2 h5 30. Kd3 b5 31. Re5 a6 32. h4 Rd6 33. b4
Rc6 34. Rc5 Rd6 35. g3 Ke6 36. Ke4 Kf7 37. d5 Rf6 38. Rc7+ Kf8 39. Rc6 Rf2 40.
Rxa6 Re2+ 41. Kf4 Rb2 42. a3 Rb3 43. Rxg6 Rxa3 44. Rb6 Ke7 45. g4 hxg4 46. Kxg4
Rd3 47. Rxb5 Kf6 48. h5 Rd4+ 49. Kf3 Kg5 50. Ke3 Rd1 51. Ke4 Kxh5 52. d6+ Kg6
53. Rd5 Re1+ 54. Kd4 Kf6 55. d7 Rd1+ 56. Kc5 1-0

[Event "IV Memorial Aldo Perini A"]
[Site "Senigallia ITA"]
[Date "2010.08.08"]
[Round "7"]
[White "Palmitessa, Chiara"]
[Black "Monducci, Mirko"]
[Result "1/2-1/2"]
[WhiteElo "1876"]
[BlackElo "1948"]
[PlyCount "58"]
[EventDate "2010.08.02"]

1. e4 e6 2. d4 d5 3. Nd2 Nf6 4. e5 Nfd7 5. Bd3 c5 6. c3 Nc6 7. Ne2 Qb6 8. Nf3
cxd4 9. cxd4 f6 10. exf6 Nxf6 11. O-O Bd6 12. Bf4 Bxf4 13. Nxf4 O-O 14. Re1 Nb4
15. Ng5 Nxd3 16. Qxd3 h6 17. Ngxe6 Bxe6 18. Rxe6 Qxb2 19. Rb1 Qxa2 20. Rxb7
Qa1+ 21. Rb1 Qa2 22. Ra6 Qc4 23. Qxc4 dxc4 24. Rc1 Rfc8 25. Ra4 c3 26. f3 Rc7
27. d5 g5 28. Ne6 Rd7 29. Rxc3 a5 1/2-1/2

[Event "IV Memorial Aldo Perini A"]
[Site "Senigallia ITA"]
[Date "2010.08.08"]
[Round "7"]
[White "Pasquotto, Mirko"]
[Black "Padovani, Alessio"]
[Result "1/2-1/2"]
[WhiteElo "1921"]
[BlackElo "1976"]
[PlyCount "125"]
[EventDate "2010.08.02"]

1. d4 e6 2. c4 f5 3. g3 Nf6 4. Bg2 c6 5. Nc3 d5 6. Nf3 Bd6 7. O-O O-O 8. Ne5
Ne4 9. Qc2 Nd7 10. f4 Nxc3 11. Qxc3 Nf6 12. b3 Bd7 13. Bb2 Ne4 14. Qc2 Rc8 15.
c5 Bxe5 16. dxe5 b6 17. Bd4 bxc5 18. Bxc5 Nxc5 19. Qxc5 Qb6 20. Rfc1 Rb8 21. e3
Rb7 22. Bf3 Rfb8 23. Be2 a5 24. Qxb6 Rxb6 25. Rc5 Ra8 26. Bd1 Rb5 27. Rac1 Rxc5
28. Rxc5 Kf7 29. h4 Ke7 30. Kf2 Kd8 31. Ke2 Kc7 32. Kd3 Kb6 33. Kd4 g6 34. a3
h6 35. g4 Rg8 36. Rc2 fxg4 37. Bxg4 g5 38. hxg5 hxg5 39. Rg2 gxf4 40. exf4 c5+
41. Kd3 Bb5+ 42. Kd2 d4 43. Bh3 Rxg2+ 44. Bxg2 a4 45. bxa4 Bxa4 46. Bh3 Bd7 47.
Bf1 Ka5 48. Kc2 Bc6 49. Bc4 Be4+ 50. Kb2 Bf5 51. Kb3 Bg4 52. Bd3 Kb6 53. Bc4
Ka5 54. Bd3 Kb6 55. Bc4 Bf5 56. Kb2 Ka5 57. Kb3 d3 58. Kc3 Ka4 59. Bxd3 Bxd3
60. Kxd3 Kb3 61. Kd2 Kb2 62. Kd3 Kb3 63. Ke4 1/2-1/2

[Event "IV Memorial Aldo Perini A"]
[Site "Senigallia ITA"]
[Date "2010.08.08"]
[Round "7"]
[White "Rago, Riccardo"]
[Black "Barlocco, Carlo"]
[Result "0-1"]
[WhiteElo "2103"]
[BlackElo "2183"]
[PlyCount "64"]
[EventDate "2010.08.02"]

1. e4 c5 2. Nf3 e6 3. d4 cxd4 4. Nxd4 Nf6 5. Bd3 Nc6 6. Nxc6 dxc6 7. O-O e5 8.
Qe2 Be7 9. b3 O-O 10. Bb2 Nd7 11. Nd2 Qc7 12. f4 exf4 13. e5 Nc5 14. Rxf4 Nxd3
15. cxd3 Be6 16. Ne4 Rfd8 17. Raf1 Qb6+ 18. Kh1 Qa6 19. Qh5 Qxd3 20. Rxf7 Rf8
21. Qf3 Qc2 22. Rxe7 Rxf3 23. gxf3 Bf5 24. Rf2 Qb1+ 25. Kg2 Bxe4 26. e6 Bxf3+
27. Kxf3 Rf8+ 28. Ke3 Rxf2 29. Rxg7+ Kf8 30. e7+ Ke8 31. Rg8+ Kxe7 32. Ba3+ Kd7
0-1

[Event "IV Memorial Aldo Perini A"]
[Site "Senigallia ITA"]
[Date "2010.08.08"]
[Round "7"]
[White "Rebeggiani, Luca"]
[Black "Aleksic, Nenad"]
[Result "1/2-1/2"]
[WhiteElo "2036"]
[BlackElo "2378"]
[PlyCount "30"]
[EventDate "2010.08.02"]

1. e4 c5 2. Nc3 a6 3. d3 e6 4. g3 b5 5. Bg2 Bb7 6. Nge2 Nf6 7. O-O d6 8. f4 Nc6
9. h3 Be7 10. d4 cxd4 11. Nxd4 Qc7 12. a3 O-O 13. Be3 Rac8 14. Nxc6 Bxc6 15.
Qd4 Nd7 1/2-1/2

[Event "IV Memorial Aldo Perini A"]
[Site "Senigallia ITA"]
[Date "2010.08.08"]
[Round "7"]
[White "Sernagiotto, Mirko Virgilio"]
[Black "Mazzarini, Daniele"]
[Result "1-0"]
[WhiteElo "1977"]
[BlackElo "1761"]
[PlyCount "71"]
[EventDate "2010.08.02"]

1. Nf3 Nf6 2. d4 d5 3. Bf4 c6 4. c3 e6 5. e3 Be7 6. Nbd2 Nh5 7. Be5 Nf6 8. Bd3
Nbd7 9. Bg3 Nh5 10. Ne5 Nxg3 11. hxg3 Nxe5 12. dxe5 g6 13. Qg4 b6 14. Nf3 Bb7
15. O-O-O Kd7 16. Kb1 Kc7 17. Qf4 Qe8 18. Ng5 Bxg5 19. Qxg5 Qd8 20. Qf4 Qe7 21.
Rh6 Rag8 22. Rdh1 Rg7 23. Qf6 Qf8 24. g4 Bc8 25. g5 Bd7 26. R1h4 c5 27. a3 c4
28. Bc2 a5 29. a4 Kb7 30. Rd4 Rhg8 31. e4 Qe8 32. exd5 exd5 33. Rxd5 Be6 34.
Rd6 Ka7 35. Rh1 Qa8 36. f3 1-0

[Event "IV Memorial Aldo Perini A"]
[Site "Senigallia ITA"]
[Date "2010.08.08"]
[Round "7"]
[White "Ubezio, Marco"]
[Black "Raselli, Claudio"]
[Result "1-0"]
[WhiteElo "2135"]
[BlackElo "1953"]
[PlyCount "49"]
[EventDate "2010.08.02"]

1. e4 c5 2. Nf3 e6 3. d3 d5 4. Qe2 dxe4 5. dxe4 Nc6 6. Na3 e5 7. Bg5 Be7 8. Rd1
Qa5+ 9. Qd2 Qxd2+ 10. Rxd2 Bxg5 11. Nxg5 Nge7 12. Bc4 O-O 13. Nb5 Na5 14. Be2
h6 15. Nf3 Nac6 16. Nd6 b6 17. O-O Bg4 18. c3 Bxf3 19. Bxf3 Rad8 20. Bg4 f5 21.
exf5 Nxf5 22. Rfd1 Nxd6 23. Rxd6 Rxd6 24. Rxd6 Rf6 25. Be6+ 1-0

[Event "C.to Provinciale TP"]
[Site "Erice ITA"]
[Date "2010.01.10"]
[Round "1"]
[White "Bertino, Giacomo"]
[Black "Pantano, Giuseppe"]
[Result "1-0"]
[WhiteElo "2002"]
[BlackElo "1563"]
[PlyCount "87"]
[EventDate "2010.01.10"]

1. e4 d6 2. d4 Nf6 3. Nc3 g6 4. Bg5 Bg7 5. f4 c6 6. Nf3 b5 7. e5 dxe5 8. dxe5
Qxd1+ 9. Rxd1 Ng4 10. Bd3 f6 11. exf6 exf6 12. Bh4 O-O 13. Rd2 Re8+ 14. Re2
Rxe2+ 15. Kxe2 Be6 16. Nd4 Bf7 17. h3 Nh6 18. Ncxb5 cxb5 19. Be4 f5 20. Bxa8
Bxd4 21. Rd1 Bb6 22. Bb7 Be8 23. Bd8 Nd7 24. Bxb6 Nxb6 25. b3 Kf7 26. Kd3 Ng8
27. Kd4 Nf6 28. c4 bxc4 29. bxc4 Bd7 30. c5 Nc8 31. Re1 Ne7 32. Rxe7+ Kxe7 33.
c6 Bxc6 34. Bxc6 Kd6 35. Bf3 Nh5 36. Bxh5 gxh5 37. h4 h6 38. g3 a6 39. a3 a5
40. a4 Kc6 41. Ke5 Kc5 42. Kxf5 Kb4 43. Kg6 Kxa4 44. f5 1-0